[Event "PRO League Group Stage"]
[Site "chess.com INT"]
[Date "2018.01.25"]
[Round "2"]
[White "Gurevich, Daniel"]
[Black "Villanueva, Mario"]
[Result "1-0"]
[WhiteTitle "IM"]
[BlackTitle "IM"]
[WhiteElo "2483"]
[BlackElo "2466"]
[WhiteTeam "Minnesota Blizzard"]
[BlackTeam "Buenos Aires Krakens"]
[WhiteFideId "2044676"]
[BlackFideId "113433"]
[EventDate "2018.01.18"]

1. d4 Nf6 2. Nf3 g6 3. g3 Bg7 4. Bg2 O-O 5. O-O d6 6. c4 Nc6 7. Nc3 Rb8 8. b3 a6
9. Bb2 b5 10. d5 Na5 11. cxb5 axb5 12. Nd4 b4 13. Ncb5 e5 14. dxe6 c5 15. exf7+
Rxf7 16. Nc6 Nxc6 17. Bxc6 Rb6 18. Nxd6 Rxc6 19. Nxf7 Qxd1 20. Rfxd1 Kxf7 21. a3
Ne4 22. Bxg7 Kxg7 23. axb4 cxb4 24. Ra7+ Kh6 25. Rd4 Bh3 26. Ra1 Ng5 27. Rh4+
Kg7 28. f4 Ne4 29. Rxh3 h5 30. g4 hxg4 31. Re3 Nd2 32. Ra2 Rc3 33. Rxc3 bxc3 34.
b4 Kf6 35. Kf2 Ke6 36. Ke3 Nf1+ 37. Kd3 Nxh2 38. e4 g3 39. Rg2 Nf1 40. Kxc3 1-0

[Event "PRO League Group Stage"]
[Site "chess.com INT"]
[Date "2018.01.25"]
[Round "2"]
[White "Gurevich, Daniel"]
[Black "Obregon, Andres Carlos"]
[Result "0-1"]
[WhiteTitle "IM"]
[BlackTitle "GM"]
[WhiteElo "2483"]
[BlackElo "2514"]
[WhiteTeam "Minnesota Blizzard"]
[BlackTeam "Buenos Aires Krakens"]
[WhiteFideId "2044676"]
[BlackFideId "111724"]
[EventDate "2018.01.18"]

1. d4 Nf6 2. Nf3 d5 3. Bf4 c5 4. e3 Nc6 5. Nbd2 e6 6. c3 Bd6 7. Bg3 O-O 8. Bd3
b6 9. e4 Be7 10. e5 Nh5 11. Ng5 Bxg5 12. Qxh5 g6 13. Qe2 cxd4 14. h4 Bh6 15. h5
dxc3 16. bxc3 Bg7 17. Nf3 f5 18. hxg6 hxg6 19. Bf4 Qc7 20. Kf1 Bd7 21. Qe3 Nd8
22. Ng5 Nf7 23. Nh7 Rfd8 24. Nf6+ Bxf6 25. exf6 Qxc3 26. Rc1 Qxf6 27. Bc7 Re8
28. Qh3 Qg7 29. Ba6 e5 30. Bb7 Be6 31. Qa3 d4 32. Bxa8 Rxa8 33. Qe7 Bxa2 34. Bd6
Nxd6 35. Qxd6 Rf8 36. Rc7 Qf6 37. Qd7 Bf7 0-1

[Event "PRO League Group Stage"]
[Site "chess.com INT"]
[Date "2018.01.25"]
[Round "2"]
[White "Li, Di"]
[Black "Bryant, John Daniel"]
[Result "1/2-1/2"]
[WhiteTitle "IM"]
[BlackTitle "IM"]
[WhiteElo "2455"]
[BlackElo "2437"]
[WhiteTeam "Chengdu Pandas"]
[BlackTeam "San Diego Surfers"]
[WhiteFideId "8607508"]
[BlackFideId "2031280"]
[EventDate "2018.01.18"]

1. Nf3 Nf6 2. d4 e6 3. g3 d5 4. Bg2 Be7 5. c4 O-O 6. Nc3 c6 7. O-O Nbd7 8. Qd3
b6 9. e4 Ba6 10. b3 Rc8 11. Rd1 b5 12. cxd5 cxd5 13. e5 Qa5 14. exf6 Nxf6 15.
Ne2 Ne4 16. Qe3 b4 17. Bd2 Rc2 18. Bf1 g5 19. Ne1 Rxa2 20. Rxa2 Qxa2 21. Nc1 Qa5
22. Bxa6 Qxa6 23. Qd3 Qb6 24. Ne2 Rc8 25. Rc1 Rxc1 26. Bxc1 a5 27. Kg2 Qc6 28.
Qc2 Qb5 29. Nd3 g4 30. Be3 Bf6 31. Bh6 Qb7 32. Ndf4 Qd7 33. Nh5 Be7 34. Nef4 f6
35. Qe2 e5 36. Nd3 Qf5 37. Nxf6+ Bxf6 38. dxe5 Bg5 39. Bxg5 Nxg5 40. Nf4 Qe4+
41. Qxe4 dxe4 42. Nd5 Kf7 43. Nb6 Ne6 44. Nc4 a4 45. bxa4 Nc5 46. a5 Ke6 47. h3
h5 48. hxg4 hxg4 49. Kf1 Kd5 50. Ne3+ Kxe5 51. Ke2 b3 52. Kd2 Kd4 53. Nxg4 Nd3
54. a6 Nb2 55. a7 Nc4+ 56. Kc1 Kc3 57. a8=Q b2+ 58. Kd1 b1=Q+ 59. Ke2 Qc2+ 60.
Kf1 Qd1+ 61. Kg2 Qxg4 62. Qa1+ Kb3 63. Qb1+ Nb2 64. Qf1 Qf3+ 65. Kg1 Kc2 66. Qe1
Nd3 67. Qf1 Kd2 68. Qg2 Ne1 69. Qf1 e3 70. fxe3 Qxg3+ 71. Kh1 Qh4+ 72. Kg1 Qg4+
73. Kh1 Qh5+ 74. Kg1 Qg4+ 75. Kh1 Qh5+ 76. Kg1 Qg5+ 77. Kh1 Qxe3 78. Qf2+ Qxf2 1/2-1/2

[Event "PRO League Group Stage"]
[Site "chess.com INT"]
[Date "2018.01.25"]
[Round "2"]
[White "Li, Di"]
[Black "Sevian, Samuel"]
[Result "0-1"]
[WhiteTitle "IM"]
[BlackTitle "GM"]
[WhiteElo "2455"]
[BlackElo "2614"]
[WhiteTeam "Chengdu Pandas"]
[BlackTeam "San Diego Surfers"]
[WhiteFideId "8607508"]
[BlackFideId "2040506"]
[EventDate "2018.01.18"]

1. d4 Nf6 2. Nf3 c5 3. e3 d5 4. c3 cxd4 5. exd4 Nc6 6. Be2 Bg4 7. Nbd2 e6 8. O-O
Bd6 9. Re1 O-O 10. h3 Bh5 11. Ne5 Bg6 12. Nxg6 hxg6 13. Bd3 Rb8 14. Qe2 Qc7 15.
Nf3 Rfe8 16. Ne5 Nd7 17. f4 Nf6 18. g4 a6 19. Be3 b5 20. a3 Na5 21. Rad1 Nc4 22.
Bc1 a5 23. h4 b4 24. axb4 axb4 25. h5 gxh5 26. gxh5 bxc3 27. bxc3 Rb3 28. h6 Bf8
29. hxg7 Bxg7 30. Qc2 Na5 31. Bd2 Reb8 32. Rb1 Rxb1 33. Rxb1 Rxb1+ 34. Qxb1 Nc4
35. Be1 Nd6 36. Qc2 Qb6 37. Qa4 Qb7 38. Qc6 Qxc6 39. Nxc6 Nfe4 40. Ne5 Bh6 41.
f5 Nxf5 42. Kg2 Nfd6 43. Be2 Bc1 44. c4 dxc4 45. Nxc4 Nb5 46. d5 exd5 47. Nb6
Nc7 48. Bf3 f5 49. Bg3 f4 0-1

[Event "PRO League Group Stage"]
[Site "chess.com INT"]
[Date "2018.01.25"]
[Round "2"]
[White "Andriasian, Zaven"]
[Black "Reimanis, Ritvars"]
[Result "0-1"]
[WhiteTitle "GM"]
[BlackTitle "FM"]
[WhiteElo "2585"]
[BlackElo "2335"]
[WhiteTeam "Armenia Eagles"]
[BlackTeam "Riga Magicians"]
[WhiteFideId "13302000"]
[BlackFideId "11602988"]
[EventDate "2018.01.18"]

1. e4 e6 2. d4 d5 3. Nc3 c6 4. Nf3 f5 5. exf5 exf5 6. Bf4 Bd6 7. Ne5 Nf6 8. Bd3
O-O 9. O-O Qc7 10. Re1 Ne4 11. f3 Nd7 12. fxe4 fxe4 13. Nxd7 Rxf4 14. Ne5 exd3
15. Qxd3 Qb6 16. Ne2 Bf5 17. Qd2 Re4 18. Nd3 Rae8 19. c3 Qc7 20. g3 Qe7 21. Nef4
g5 22. Ng2 h6 23. Rxe4 Bxe4 24. Nf2 Bxg2 25. Kxg2 Qe2 26. Rd1 Re3 27. Qxe2 Rxe2
28. Rb1 Rc2 29. Kf3 h5 30. h3 Kf7 31. a3 b5 32. g4 h4 33. Ke3 a5 34. Kf3 Bg3 35.
Nh1 Bf4 36. Nf2 Rd2 37. a4 bxa4 38. Ra1 Rxb2 39. Rxa4 Rc2 40. Rxa5 Rxc3+ 41. Ke2
Re3+ 42. Kf1 Ke6 43. Ra4 Kd6 44. Ra8 Bg3 45. Nd1 Re1+ 46. Kg2 Rxd1 47. Rg8 Bf4
48. Rg6+ Kc7 49. Kf3 Rxd4 50. Ke2 Rd2+ 51. Kf3 Rd3+ 52. Kg2 Rg3+ 53. Kh2 Rxg4+
54. Kh1 Rg3 55. Kh2 d4 56. Kh1 Rxh3+ 57. Kg2 Re3 58. Kf2 d3 59. Rg7+ Kb6 60. Rd7
c5 61. Kg2 c4 62. Kf2 c3 63. Kg2 c2 64. Rd8 c1=Q 65. Rd4 Qd2+ 66. Kf1 Re1# 0-1

[Event "PRO League Group Stage"]
[Site "chess.com INT"]
[Date "2018.01.25"]
[Round "2"]
[White "Andriasian, Zaven"]
[Black "Kantans, Toms"]
[Result "1-0"]
[WhiteTitle "GM"]
[BlackTitle "GM"]
[WhiteElo "2585"]
[BlackElo "2478"]
[WhiteTeam "Armenia Eagles"]
[BlackTeam "Riga Magicians"]
[WhiteFideId "13302000"]
[BlackFideId "11602945"]
[EventDate "2018.01.18"]

1. e4 c5 2. Nf3 e6 3. d4 cxd4 4. Nxd4 Nc6 5. Nc3 Qc7 6. f4 a6 7. Be3 b5 8. Bd3
Bb7 9. Qd2 Nf6 10. e5 Nxd4 11. Bxd4 Nd5 12. Ne4 Qc6 13. c3 Be7 14. O-O O-O 15.
f5 f6 16. fxe6 f5 17. Nd6 Bxd6 18. exd6 dxe6 19. b4 Rad8 20. Qg5 Nf6 21. Be5 Qd5
22. Bd4 h6 23. Qg6 Rf7 24. Rae1 Ng4 25. Be4 Qxd6 26. g3 Bxe4 27. Rxe4 Nf6 28.
Re2 Qc6 29. h3 Ne4 30. Rxf5 1-0

[Event "PRO League Group Stage"]
[Site "chess.com INT"]
[Date "2018.01.31"]
[Round "3"]
[White "Puranik, Abhimanyu"]
[Black "Kukk, Sander"]
[Result "1-0"]
[WhiteTitle "GM"]
[WhiteElo "2520"]
[BlackElo "2178"]
[WhiteTeam "Mumbai Movers"]
[BlackTeam "Estonia Horses"]
[WhiteFideId "5061245"]
[BlackFideId "4502094"]
[EventDate "2018.01.18"]

1. Nf3 g6 2. g3 Bg7 3. Bg2 Nf6 4. b3 O-O 5. Bb2 a5 6. a3 d5 7. O-O c5 8. c4 d4
9. b4 axb4 10. axb4 Rxa1 11. Bxa1 b6 12. e3 dxe3 13. fxe3 Be6 14. d3 cxb4 15.
Nd4 Bg4 16. Qb3 e5 17. Nf3 e4 18. dxe4 Na6 19. Ne5 Be6 20. Nc6 Qc7 21. Nxb4 Nxb4
22. Qxb4 Ng4 23. Bxg7 Kxg7 24. Na3 Qc5 25. Qc3+ f6 26. Re1 Ra8 27. Nb5 Ne5 28.
Nd4 Bxc4 29. Rc1 Ra3 30. Qd2 Qa5 31. Qe1 Ra2 32. Bf1 Bxf1 33. Qxf1 Qd2 34. Rc7+
Kh6 35. Qf4+ 1-0

[Event "PRO League Group Stage"]
[Site "chess.com INT"]
[Date "2018.01.31"]
[Round "3"]
[White "Puranik, Abhimanyu"]
[Black "Ehlvest, Jaan"]
[Result "1/2-1/2"]
[WhiteTitle "GM"]
[BlackTitle "GM"]
[WhiteElo "2520"]
[BlackElo "2536"]
[WhiteTeam "Mumbai Movers"]
[BlackTeam "Estonia Horses"]
[WhiteFideId "5061245"]
[BlackFideId "4500016"]
[EventDate "2018.01.18"]

1. e4 c6 2. Nf3 d5 3. Nc3 g6 4. h3 Bg7 5. d4 Nf6 6. e5 Ne4 7. Bd3 Nxc3 8. bxc3
c5 9. Be3 c4 10. Be2 Qa5 11. Qd2 Qa4 12. O-O Nc6 13. Rab1 b6 14. Rb2 h6 15. Nh2
f6 16. exf6 exf6 17. Bf4 Be6 18. Ng4 O-O-O 19. Bh2 Kb7 20. Qf4 Rd7 21. Nxf6 Re7
22. Ng4 Qa3 23. Rfb1 Qxc3 24. Ne3 Bxd4 25. Bf3 Be5 26. Qh4 g5 27. Qh5 Bxh2+ 28.
Kxh2 Bf7 29. Qg4 Ne5 30. Qg3 Nxf3+ 31. Qxf3 Qe5+ 32. Kg1 Qf4 33. Qxf4 gxf4 34.
Nf5 Re6 35. Rd1 Rg8 36. c3 Bh5 37. Rd4 Bf3 38. Nh4 Bxg2 39. Nxg2 f3 40. Rg4 Rxg4
41. hxg4 fxg2 42. Kxg2 Re1 43. f4 Kc6 44. f5 d4 45. cxd4 Kd5 46. Rf2 c3 47. Kg3
Kxd4 48. f6 Re8 49. Kh4 Kd3 50. Kh5 Rh8 51. Kg6 c2 52. Rxc2 Kxc2 53. Kg7 Rd8 54.
Kxh6 Kd3 55. f7 Ke4 56. Kg7 Kf4 57. f8=Q+ Rxf8 58. Kxf8 Kxg4 59. Ke7 Kf4 60. Kd6
Ke4 61. Kc6 Kd4 62. Kb7 b5 63. Kxa7 b4 64. Ka6 Kc3 65. Kb5 b3 66. axb3 Kxb3 1/2-1/2

[Event "PRO League Group Stage"]
[Site "chess.com INT"]
[Date "2018.01.31"]
[Round "3"]
[White "Kunte, Abhijit"]
[Black "Kukk, Sander"]
[Result "1-0"]
[WhiteTitle "GM"]
[WhiteElo "2499"]
[BlackElo "2178"]
[WhiteTeam "Mumbai Movers"]
[BlackTeam "Estonia Horses"]
[WhiteFideId "5002265"]
[BlackFideId "4502094"]
[EventDate "2018.01.18"]

1. Nf3 g6 2. d4 Bg7 3. g3 Nf6 4. Bg2 O-O 5. O-O d6 6. c4 Nc6 7. Nc3 Bg4 8. d5
Nb4 9. h3 Bxf3 10. Bxf3 a5 11. Bg2 Na6 12. e4 Nc5 13. Be3 Nfd7 14. Rc1 e5 15.
dxe6 fxe6 16. f4 Qe7 17. b3 Rad8 18. Qc2 Nb8 19. Rcd1 Nc6 20. a3 g5 21. fxg5
Bxc3 22. Qxc3 Qg7 23. Rxf8+ Rxf8 24. Qxg7+ Kxg7 25. Bxc5 dxc5 26. Rd7+ Rf7 27.
Rxf7+ Kxf7 28. e5 Nxe5 29. Bxb7 c6 30. Kf2 Ke7 31. Ke3 Kd7 32. h4 a4 33. bxa4
Nxc4+ 34. Kd3 Nd6 35. Ba6 e5 36. g4 e4+ 37. Ke3 c4 38. h5 Ke6 39. g6 hxg6 40. h6
Kf7 41. g5 Kg8 42. Kd4 c5+ 43. Kc3 e3 44. Bb5 Ne4+ 45. Kc2 e2 46. Bxc4+ 1-0

[Event "PRO League Group Stage"]
[Site "chess.com INT"]
[Date "2018.01.31"]
[Round "3"]
[White "Kunte, Abhijit"]
[Black "Ehlvest, Jaan"]
[Result "0-1"]
[WhiteTitle "GM"]
[BlackTitle "GM"]
[WhiteElo "2499"]
[BlackElo "2536"]
[WhiteTeam "Mumbai Movers"]
[BlackTeam "Estonia Horses"]
[WhiteFideId "5002265"]
[BlackFideId "4500016"]
[EventDate "2018.01.18"]

1. Nf3 d5 2. g3 e6 3. Bg2 Bd6 4. d4 Ne7 5. c4 c6 6. O-O O-O 7. b3 Nd7 8. Nc3 f5
9. Bf4 Bxf4 10. gxf4 Ng6 11. e3 Nf6 12. b4 Ne4 13. Qc2 Bd7 14. Rab1 a6 15. a4
Nd6 16. c5 Ne4 17. Ne2 Kh8 18. Ne5 Nh4 19. f3 Nf6 20. Rf2 Be8 21. Kh1 Nd7 22.
Rg1 Nxe5 23. dxe5 a5 24. Nd4 Qe7 25. b5 cxb5 26. axb5 Rc8 27. Rc1 g5 28. fxg5 f4
29. exf4 Rxf4 30. Qd2 Ng6 31. Bh3 Bf7 32. c6 bxc6 33. Rxc6 Rxc6 34. bxc6 Qc5 35.
Nxe6 Bxe6 36. Bxe6 Rd4 37. Qxd4 Qxd4 38. c7 Ne7 39. Kg2 Qc5 40. c8=Q+ Nxc8 41.
f4 Ne7 42. f5 Qd4 43. f6 Ng6 44. f7 Nf8 0-1

[Event "PRO League Group Stage"]
[Site "chess.com INT"]
[Date "2018.01.31"]
[Round "3"]
[White "Yu, Jennifer"]
[Black "Nagle, Sean"]
[Result "1/2-1/2"]
[WhiteTitle "FM"]
[BlackTitle "IM"]
[WhiteElo "2355"]
[BlackElo "2432"]
[WhiteTeam "Pittsburgh Pawngrabbers"]
[BlackTeam "Minnesota Blizzard"]
[WhiteFideId "2078341"]
[BlackFideId "2013878"]
[EventDate "2018.01.18"]

1. d4 g6 2. c4 Bg7 3. Nc3 d6 4. g3 Nf6 5. Bg2 O-O 6. Nf3 c6 7. O-O Qa5 8. e4 Bg4
9. h3 Bxf3 10. Bxf3 Nbd7 11. Qc2 e5 12. d5 cxd5 13. cxd5 Rfc8 14. Be3 a6 15. a3
b5 16. b4 Qc7 17. Rac1 Nb6 18. Qe2 Nc4 19. a4 Qd7 20. Bg5 h5 21. axb5 axb5 22.
Ra1 Nh7 23. Be3 Bf6 24. Bg2 Bd8 25. Rfc1 h4 26. gxh4 Nxe3 27. Rxa8 Rxa8 28. fxe3
Rc8 29. h5 Rc4 30. hxg6 fxg6 31. Na2 Rxc1+ 32. Nxc1 Bb6 33. Nd3 Nf6 34. Nf2 Kg7
35. Kh2 Qa7 36. Nd1 Qa4 37. Nc3 Qxb4 38. Qxb5 Qxc3 39. Qxb6 Qc5 40. Qb7+ Kh6 41.
Qe7 Nh5 42. h4 Qxe3 43. Qf8+ Kh7 44. Qe7+ Ng7 45. Qxd6 Qf4+ 46. Kg1 Qg3 47. Qe7
Qe3+ 48. Kh1 Qc1+ 49. Kh2 Qf4+ 50. Kg1 Qe3+ 51. Kh1 Qc1+ 52. Kh2 1/2-1/2

[Event "PRO League Group Stage"]
[Site "chess.com INT"]
[Date "2018.01.31"]
[Round "3"]
[White "Yu, Jennifer"]
[Black "Tang, Andrew"]
[Result "0-1"]
[WhiteTitle "FM"]
[BlackTitle "IM"]
[WhiteElo "2355"]
[BlackElo "2513"]
[WhiteTeam "Pittsburgh Pawngrabbers"]
[BlackTeam "Minnesota Blizzard"]
[WhiteFideId "2078341"]
[BlackFideId "2059630"]
[EventDate "2018.01.18"]

1. d4 d5 2. c4 e6 3. Nc3 Be7 4. Nf3 Nf6 5. Bf4 O-O 6. e3 Nbd7 7. c5 Ne4 8. Nxe4
dxe4 9. Ne5 Nxe5 10. Bxe5 b6 11. b4 f6 12. Bg3 a5 13. a3 Qd5 14. Rc1 axb4 15.
Bc4 Qd7 16. axb4 b5 17. Bb3 Bb7 18. O-O Bd5 19. Qc2 c6 20. Ra1 Qb7 21. f3 f5 22.
fxe4 fxe4 23. Rxf8+ Rxf8 24. Rf1 Rxf1+ 25. Kxf1 Qa6 26. Ke2 Qa3 27. Bxd5 exd5
28. Be1 h6 29. Qc3 Qa2+ 30. Qd2 Qa3 31. Qc3 Qa6 32. Qd2 Bg5 33. h4 Be7 34. g3
Qc8 35. Kd1 g5 36. hxg5 Bxg5 37. Qf2 Kg7 38. Kc2 Qg4 39. Kd2 h5 40. Qe2 Qh3 41.
Qf2 Bh6 42. Qe2 Kg6 43. Qf2 Qg4 44. Kc2 Qf3 45. Qxf3 exf3 46. Kd3 Kf5 47. Bf2
Bg5 48. Be1 Bd8 49. Bf2 Bc7 50. Be1 Kg4 51. e4 dxe4+ 52. Ke3 Bxg3 53. Bc3 Bf4+
54. Kf2 e3+ 55. Kf1 e2+ 56. Kf2 Bg3+ 57. Ke3 e1=Q+ 58. Bxe1 Bxe1 59. d5 cxd5 60.
c6 Bg3 0-1

[Event "PRO League Group Stage"]
[Site "chess.com INT"]
[Date "2018.01.31"]
[Round "3"]
[White "Lenderman, Aleksandr"]
[Black "Oussedik, Elias"]
[Result "1-0"]
[WhiteTitle "GM"]
[WhiteElo "2611"]
[BlackElo "2171"]
[WhiteTeam "Montclair Sopranos"]
[BlackTeam "Montreal Chessbrahs"]
[WhiteFideId "2021285"]
[BlackFideId "2605341"]
[EventDate "2018.01.18"]

1. d4 e6 2. c4 Nf6 3. Nc3 c5 4. d5 exd5 5. cxd5 d6 6. Nf3 g6 7. Bf4 a6 8. a4 Bg7
9. h3 O-O 10. e3 Re8 11. Bd3 Nbd7 12. O-O Qc7 13. e4 Nh5 14. Bh2 c4 15. Be2 Nc5
16. Nd2 Nf6 17. e5 dxe5 18. Nxc4 Nfe4 19. Nxe4 Nxe4 20. Rc1 Qd8 21. a5 Bd7 22.
Nb6 Rb8 23. Qc2 Nd6 24. Qc7 Bb5 25. Rfe1 Bh6 26. Qxd8 Rbxd8 27. Rc2 f6 28. Bf1
Bf8 29. Rc7 Bxf1 30. Kxf1 Re7 31. Rec1 Nb5 32. Rc8 Ree8 33. R8c4 Bd6 34. g4 Nd4
35. R1c3 Nb5 36. Rc1 Nd4 37. R1c3 Nb5 38. Re3 Kf7 39. Bg3 g5 40. Rf3 Bb8 41. h4
h6 42. h5 Ba7 43. Rc5 Ke7 44. Rd3 Bxb6 45. axb6 Rc8 46. b4 Rxc5 47. bxc5 Rc8 48.
c6 bxc6 49. b7 Rb8 50. dxc6 a5 51. Rd7+ Ke6 52. c7 Nxc7 53. Rxc7 a4 54. Rc6+ Kd5
55. Rxf6 Rxb7 56. Ra6 Rb4 57. Ra5+ Kc6 58. Bxe5 Kb6 59. Ra8 Rxg4 60. Rh8 a3 61.
Rxh6+ Kb7 62. Rh7+ Kb6 63. Rh8 Ra4 64. Rb8+ Ka7 65. Rb1 Rh4 66. Kg2 Rxh5 67. Ra1
g4 68. Rxa3+ Kb7 69. Bf4 Rh7 70. Re3 Kc6 71. Kg3 Rg7 72. Re5 Kd7 73. Rg5 Rf7 74.
Rxg4 Ke6 75. Rg5 Rb7 76. Re5+ Kf6 77. Ra5 Rb6 78. Kg4 Rc6 79. Bg3 Rb6 80. f4 Rc6
81. Bh4+ Kg6 82. Ra7 Rb6 83. f5+ 1-0

[Event "PRO League Group Stage"]
[Site "chess.com INT"]
[Date "2018.01.31"]
[Round "3"]
[White "Onischuk, Alexander"]
[Black "Puranik, Abhimanyu"]
[Result "1-0"]
[WhiteTitle "GM"]
[BlackTitle "GM"]
[WhiteElo "2681"]
[BlackElo "2520"]
[WhiteTeam "Estonia Horses"]
[BlackTeam "Mumbai Movers"]
[WhiteFideId "14101025"]
[BlackFideId "5061245"]
[EventDate "2018.01.18"]

1. d4 Nf6 2. c4 g6 3. Nc3 d5 4. cxd5 Nxd5 5. e4 Nxc3 6. bxc3 Bg7 7. Nf3 c5 8.
Be3 O-O 9. Be2 Qa5 10. O-O Bg4 11. Rb1 b6 12. h3 Bxf3 13. Bxf3 Nd7 14. e5 Rac8
15. Qb3 e6 16. a4 Rc7 17. Rfd1 Rfc8 18. Bd2 Bf8 19. Be2 Nb8 20. Bb5 c4 21. Qb2
a6 22. Ra1 Ra7 23. Rdb1 axb5 24. axb5 Ba3 25. Qc2 Qa4 26. Qxa4 Rxa4 27. Bc1 Bxc1
28. Rxa4 Bd2 29. Rbb4 Nd7 30. Rxc4 Rd8 31. Rc7 Kf8 32. Kf1 Ke8 33. Ke2 Bg5 34.
Rac4 f6 35. exf6 Nxf6 36. R4c6 e5 37. h4 Bxh4 38. dxe5 Nd7 39. e6 Ne5 40. Rxb6
Bg5 41. g3 Rd2+ 42. Kf1 Ng4 43. Rb8+ 1-0

[Event "PRO League Group Stage"]
[Site "chess.com INT"]
[Date "2018.01.31"]
[Round "3"]
[White "Onischuk, Alexander"]
[Black "Kunte, Abhijit"]
[Result "1/2-1/2"]
[WhiteTitle "GM"]
[BlackTitle "GM"]
[WhiteElo "2681"]
[BlackElo "2499"]
[WhiteTeam "Estonia Horses"]
[BlackTeam "Mumbai Movers"]
[WhiteFideId "14101025"]
[BlackFideId "5002265"]
[EventDate "2018.01.18"]

1. d4 Nf6 2. c4 e6 3. Nc3 Bb4 4. Bg5 h6 5. Bh4 c5 6. d5 d6 7. e3 Qe7 8. Bd3
Bxc3+ 9. bxc3 Nbd7 10. dxe6 Qxe6 11. Nf3 O-O 12. O-O Re8 13. a4 Nf8 14. Bg3 Bd7
15. Bxd6 b6 16. Bg3 Bc6 17. Ne5 Bb7 18. Qe2 Ne4 19. Bxe4 Bxe4 20. f3 Bb7 21. e4
Ba6 22. Rfd1 f6 23. Ng4 Bxc4 24. Qe3 Rad8 25. a5 Qc6 26. axb6 axb6 27. h3 Be6
28. Nf2 Bb3 29. Rxd8 Rxd8 30. Kh2 Be6 31. Nd3 Bc4 32. Nf4 Bf7 33. h4 Ng6 34.
Nxg6 Bxg6 35. Qf4 Bf7 36. Ra7 Rd7 37. Rxd7 Qxd7 38. Qb8+ Kh7 39. Qxb6 c4 40. Qc5
h5 41. e5 fxe5 42. Bxe5 Qe6 43. Qd4 Qg6 44. Qf4 Be6 45. Bd4 Qf5 46. Qg3 Qg6 47.
Qe5 Bf5 48. Qe7 Bd3 49. Kg1 Bf5 50. Kf2 Bd3 51. Be5 Kg8 52. Bd4 Qf7 53. Qd8+ Kh7
54. Qg5 Qg6 55. Qf4 Qf5 56. Qc7 Qg6 57. Be5 Kg8 58. Qd7 Qf7 59. Qd8+ Kh7 60. Ke3
Qg6 61. Qd7 Qxg2 1/2-1/2

[Event "PRO League Group Stage"]
[Site "chess.com INT"]
[Date "2018.01.31"]
[Round "3"]
[White "Chen, Forest"]
[Black "Iturrizaga Bonelli, Eduardo"]
[Result "0-1"]
[BlackTitle "GM"]
[WhiteElo "2107"]
[BlackElo "2650"]
[WhiteTeam "Saint Louis Arch Bishops"]
[BlackTeam "Miami Champions"]
[WhiteFideId "30908205"]
[BlackFideId "3901211"]
[EventDate "2018.01.18"]

1. d4 Nf6 2. c4 c5 3. d5 b5 4. cxb5 a6 5. bxa6 g6 6. Nc3 Bxa6 7. e4 Bxf1 8. Kxf1
d6 9. g3 Bg7 10. Kg2 O-O 11. Nf3 Nbd7 12. a4 Ra6 13. Qc2 Qa8 14. Rb1 Rc8 15. b3
Nb6 16. Be3 Ng4 17. Bg5 c4 18. b4 Nxa4 19. Ne2 h6 20. Bf4 Nb6 21. h3 Ra2 22. Qd1
c3 23. hxg4 c2 24. Qd3 cxb1=Q 25. Rxb1 Rcc2 26. Nd2 Na4 27. Be3 Qc8 28. g5 h5
29. Rb3 Nb2 30. Qb5 Nd1 31. Bf4 Rxd2 32. Bxd2 Rxd2 33. Qc6 Qg4 34. Qe8+ Kh7 35.
Rf3 Rxe2 36. Rxf7 Qxe4+ 0-1

[Event "PRO League Group Stage"]
[Site "chess.com INT"]
[Date "2018.01.31"]
[Round "3"]
[White "Chen, Forest"]
[Black "Becerra Rivero, Julio"]
[Result "0-1"]
[BlackTitle "GM"]
[WhiteElo "2107"]
[BlackElo "2531"]
[WhiteTeam "Saint Louis Arch Bishops"]
[BlackTeam "Miami Champions"]
[WhiteFideId "30908205"]
[BlackFideId "3501728"]
[EventDate "2018.01.18"]

1. d4 Nf6 2. c4 g6 3. f3 Bg7 4. e4 d6 5. Nc3 O-O 6. Be3 c5 7. Nge2 cxd4 8. Nxd4
Nc6 9. Be2 Nxd4 10. Bxd4 Be6 11. O-O Qa5 12. Rc1 Rfc8 13. b3 a6 14. Rc2 Nd7 15.
Bxg7 Kxg7 16. Qd4+ f6 17. Rfc1 Qg5 18. Rf1 a5 19. f4 Qc5 20. Qxc5 Nxc5 21. Bf3
a4 22. Nxa4 Nxa4 23. bxa4 Rxa4 24. Rb1 Rc7 25. Rcb2 Ra7 26. e5 fxe5 27. fxe5
Bxc4 28. exd6 exd6 29. Rxb7 Raxb7 30. Bxb7 Bxa2 31. Rb2 Be6 32. Bf3 Kf6 33. Kf2
d5 34. Rd2 Ke5 35. Ke3 Rc3+ 36. Ke2 d4 37. Rb2 Bc4+ 38. Kd2 Ra3 39. Rb7 Ra2+ 40.
Ke1 d3 41. Rxh7 d2+ 42. Kd1 Bb3+ 43. Ke2 0-1

[Event "PRO League Group Stage"]
[Site "chess.com INT"]
[Date "2018.01.31"]
[Round "3"]
[White "Ostrovskiy, Andrey"]
[Black "Smirnov, Anton"]
[Result "1/2-1/2"]
[WhiteTitle "IM"]
[BlackTitle "GM"]
[WhiteElo "2448"]
[BlackElo "2527"]
[WhiteTeam "Las Vegas Desert Rats"]
[BlackTeam "Australia Kangaroos"]
[WhiteFideId "14110326"]
[BlackFideId "3208923"]
[EventDate "2018.01.18"]

1. e4 c6 2. Nc3 d5 3. Nf3 Nf6 4. e5 Ne4 5. Ne2 Qb6 6. d4 e6 7. Ng3 c5 8. Bd3
Nxg3 9. hxg3 cxd4 10. a3 Nc6 11. Kf1 Bd7 12. Qe2 Be7 13. g4 O-O-O 14. b4 f6 15.
Bf4 Rdf8 16. Bg3 h5 17. gxh5 f5 18. Bf4 Be8 19. h6 gxh6 20. Qd2 h5 21. g3 Rfg8
22. Rb1 Rg4 23. b5 Na5 24. Nxd4 Qxd4 25. Qxa5 Qb6 26. Qxb6 axb6 27. Be2 Rg7 28.
Be3 Bc5 29. Bxc5 bxc5 30. Rh4 b6 31. a4 Ra7 32. c3 Rhh7 33. Ke1 Bg6 34. Rc1 Kd8
35. Kd2 Rhd7 36. Bd1 Ke8 37. Bb3 Kf8 38. Rch1 Rh7 39. Bd1 Kg7 40. Ke3 Ra8 41.
Kf4 Bf7 42. Kg5 Rh6 43. Kf4 Rah8 44. Ke3 R6h7 45. Kd2 Bg6 46. Kc1 Rd8 47. Kd2
Ra8 48. Kc1 Rd8 49. Bxh5 Rxh5 50. Rxh5 Bxh5 51. Rxh5 Ra8 52. Rh4 c4 53. g4 Kg6
54. gxf5+ Kxf5 55. f4 Rxa4 56. Rh6 Kxf4 57. Rxe6 Ke4 58. Rxb6 Kd3 59. Kb2 Ra8
60. Rd6 Ke4 61. e6 Ke5 62. Rc6 d4 63. Rxc4 Rb8 64. cxd4+ Kd5 65. Rb4 Kxe6 66. b6
Kd5 67. Kc3 Kc6 68. Kc4 Kb7 69. Kd5 Rh8 70. Kc5 Rc8+ 71. Kb5 Rd8 72. Kc4 Rc8+
73. Kd3 Rd8 74. Ke4 Re8+ 75. Kf5 Rd8 76. Ke6 Re8+ 77. Kf7 Rd8 78. Ke7 Rd5 79.
Ke6 Rh5 80. d5 Rh6+ 81. Kd7 Rg6 82. Re4 Rh6 83. d6 Kxb6 84. Re1 Rh7+ 85. Ke6
Rh6+ 86. Kd5 Kb7 87. Rc1 Rh5+ 88. Ke6 Rh6+ 89. Ke7 Rh7+ 90. Kf8 Rh8+ 91. Kg7 Rd8
92. Rd1 Kc6 93. Kf6 Rxd6+ 94. Rxd6+ Kxd6 1/2-1/2